| 000 | 01122cam a2200253 i 4500 | ||
|---|---|---|---|
| 003 | SA-RiAUC | ||
| 005 | 20250628052151.0 | ||
| 008 | 250627s1995 su g 000 0 ara c | ||
| 040 |
_aJO-AmJU _bara _cSA-RiAUC _erda |
||
| 082 | 0 | 4 |
_a237.3 _b21 |
| 090 |
_a237.3 _bق ر ا |
||
| 100 | 1 |
_aالقرافي، علي بن أحمد، _dتوفي 940 هجري _eمؤلف. |
|
| 245 | 1 | 0 |
_aكتاب لطايف المنن في قواعد السنن / _cتأليف القرافي الأنصاري ؛ تحقيق ودراسة نايف بن قبلان بن ريف السليفي العتيبي. |
| 246 | 3 | 0 | _aلطايف المنن في قواعد السنن |
| 264 | 1 |
_aجدة، السعودية : _bمكتبة دار الاستقامة، _c1995 |
|
| 300 | _a152 صفحة | ||
| 336 |
_aنص _btxt _2rdacontent _3كتاب |
||
| 337 |
_aبدون وسيط _bn _2rdamedia |
||
| 338 |
_aمجلد _bnc _2rdacarrier |
||
| 650 | 7 |
_aالحديث _xجوامع الفنون _2aucsh |
|
| 700 | 1 |
_aالعتيبي، نايف بن قبلان بن ريف، _d1380 هجري- _eمحقق. |
|
| 942 |
_2ddc _cBOOK _n0 |
||
| 949 |
_aSA-JeALM _d250627 _umohamedma123 _n1 |
||
| 999 |
_c9286 _d9286 |
||